000
00252nam a2200109Ia 4500
008
190216s9999||||xx |||||||||||||| ||und||
100
_a
Agtha Christy
245
0
_a
Elephent Car Remember
260
_b
Pan Books London
650
_a
English
942
_c
BK
999
_c
13298
_d
13298